[Event "African Games Rapid Open 2019"]
[Site "Casablanca"]
[Date "2019.08.26"]
[Round "2.9"]
[White "Mesfin, Leykun"]
[Black "Boudriga, Mohamed Ali"]
[Result "0-1"]
[WhiteElo "2151"]
[BlackElo "2325"]
[Annotator "NA"]
[PlyCount "83"]
[EventDate "2019.08.26"]
[EventType "team-tourn"]
[EventCountry "MAR"]
[SourceTitle "playchess.com"]
[Source "ChessBase"]
[SourceQuality "1"]
[TimeControl "900+10"]

1. e4 {[%emt 0:00:05]} c5 {[%emt 0:00:00]} 2. Nf3 {[%emt 0:00:02]} d6 {[%emt 0:00:50]} 3. d4 {[%emt 0:00:02]} cxd4 {[%emt 0:00:03]} 4. Nxd4 {[%emt 0:00:01]} Nf6 {[%emt 0:00:02]} 5. Nc3 {[%emt 0:00:01]} g6 {[%emt 0:00:12]} 6. f3 {[%emt 0:00:03]} a6 {[%emt 0:00:02]} 7. Be3 {[%emt 0:00:01]} Nbd7 {[%emt 0:00:03]} 8. Qd2 {[%emt 0:00:02]} b5 {[%emt 0:00:01]} 9. O-O-O {[%emt 0:00:09]} Bb7 {[%emt 0:00:02]} 10. Kb1 {[%emt 0:00:06]} Rc8 {[%emt 0:00:08]} 11. h4 {[%emt 0:00:09]} h5 {[%emt 0:00:10]} 12. Bd3 {[%emt 0:00:05]} Bg7 {[%emt 0:00:06]} 13. Rhg1 {[%emt 0:00:54]} Qc7 {[%emt 0:00:36]} 14. Nce2 {[%emt 0:01:55]} e5 {[%emt 0:01:18]} 15. Nb3 {[%emt 0:00:17]} d5 {[%emt 0:00:01]} 16. Ng3 {[%emt 0:01:41]} O-O {[%emt 0:01:36]} 17. Bh6 {[%emt 0:00:37]} dxe4 {[%emt 0:00:01]} 18. Nxe4 {[%emt 0:00:12]} Bxe4 {[%emt 0:03:48]} 19. fxe4 {[%emt 0:01:02]} Bxh6 {[%emt 0:00:47]} 20. Qxh6 {[%emt 0:00:05]} Ng4 {[%emt 0:00:26]} 21. Qd2 {[%emt 0:00:18]} Nc5 {[%emt 0:01:08]} 22. Nxc5 {[%emt 0:00:17]} Qxc5 {[%emt 0:00:02]} 23. Rde1 {[%emt 0:01:35]} Rfd8 {[%emt 0:00:37]} 24. Rgf1 {[%emt 0:00:50]} Rd6 {[%emt 0:00:08]} 25. g3 {[%emt 0:01:17]} Kg7 {[%emt 0:00:01]} 26. Qe2 {[%emt 0:00:26]} Rc7 {[%emt 0:00:26]} 27. Rf3 {[%emt 0:01:06]} Rb7 {[%emt 0:01:33]} 28. Ref1 {[%emt 0:00:07]} f6 {[%emt 0:00:02]} 29. Rc1 {[%emt 0:01:03]} Rd4 {[%emt 0:01:40]} 30. c3 {[%emt 0:00:16]} Rd6 {[%emt 0:00:02]} 31. Bc2 {[%emt 0:00:08]} Rbd7 {[%emt 0:00:02]} 32. Rd3 {[%emt 0:00:41]} Rxd3 {[%emt 0:00:42]} 33. Bxd3 {[%emt 0:00:03]} Qf2 {[%emt 0:01:27]} 34. Qxf2 {[%emt 0:00:44]} Nxf2 {[%emt 0:00:01]} 35. Bc2 {[%emt 0:00:02]} Rd2 {[%emt 0:00:29]} 36. Rf1 {[%emt 0:00:38]} Re2 {[%emt 0:00:14]} 37. Kc1 {[%emt 0:01:19]} Kf7 {[%emt 0:00:20]} 38. Bb3+ {[%emt 0:02:01]} Ke7 {[%emt 0:00:04]} 39. Bc2 {[%emt 0:00:17]} Nxe4 {[%emt 0:00:35]} 40. Rf3 Re1+ 41. Bd1 Rg1 42. Rd3 0-1

[Event "African Games Rapid Open 2019"]
[Site "Casablanca"]
[Date "2019.08.26"]
[Round "2.10"]
[White "Zaibi, Amir"]
[Black "Traore, Bakary"]
[Result "1/2-1/2"]
[WhiteElo "2367"]
[BlackElo "2189"]
[Annotator "NA"]
[PlyCount "79"]
[EventDate "2019.08.26"]
[EventType "team-tourn"]
[EventCountry "MAR"]
[SourceTitle "playchess.com"]
[Source "ChessBase"]
[SourceQuality "1"]
[TimeControl "900+10"]

1. Nf3 {[%emt 0:00:00]} Nf6 {[%emt 0:00:00]} 2. g3 {[%emt 0:00:00]} g6 {[%emt 0:00:00]} 3. Bg2 {[%emt 0:00:00]} Bg7 {[%emt 0:00:00]} 4. O-O {[%emt 0:00:00]} O-O {[%emt 0:00:00]} 5. d4 {[%emt 0:00:03]} d6 {[%emt 0:00:01]} 6. c4 {[%emt 0:00:02]} Nbd7 {[%emt 0:00:01]} 7. Nc3 {[%emt 0:00:02]} e5 {[%emt 0:00:01]} 8. h3 {[%emt 0:00:02]} c6 {[%emt 0:00:38]} 9. e4 {[%emt 0:00:07]} Qb6 {[%emt 0:00:19]} 10. Na4 {[%emt 0:02:16]} Qc7 {[%emt 0:00:16]} 11. dxe5 {[%emt 0:00:16]} Nxe5 {[%emt 0:00:15]} 12. Nxe5 {[%emt 0:00:20]} dxe5 {[%emt 0:00:02]} 13. Qc2 {[%emt 0:00:11]} b6 {[%emt 0:00:09]} 14. b3 {[%emt 0:00:34]} Be6 {[%emt 0:00:12]} 15. Ba3 {[%emt 0:00:46]} Rfd8 {[%emt 0:00:02]} 16. Rad1 {[%emt 0:00:02]} Nh5 {[%emt 0:01:55]} 17. Rxd8+ {[%emt 0:01:14]} Rxd8 {[%emt 0:00:02]} 18. Rd1 {[%emt 0:00:00]} Bf8 {[%emt 0:01:34]} 19. Bc1 {[%emt 0:00:13]} Rxd1+ {[%emt 0:00:11]} 20. Qxd1 {[%emt 0:00:02]} Qd7 {[%emt 0:00:00]} 21. Qxd7 {[%emt 0:00:47]} Bxd7 {[%emt 0:00:02]} 22. Be3 {[%emt 0:01:12]} Ng7 {[%emt 0:00:13]} 23. Nb2 {[%emt 0:01:29]} f6 {[%emt 0:00:14]} 24. Nd3 {[%emt 0:00:43]} Ne6 {[%emt 0:00:37]} 25. f4 {[%emt 0:00:37]} Bd6 {[%emt 0:01:15]} 26. h4 {[%emt 0:00:41]} Kf7 {[%emt 0:01:06]} 27. Bh3 {[%emt 0:01:02]} exf4 {[%emt 0:02:25]} 28. gxf4 {[%emt 0:01:49]} Nc5 {[%emt 0:00:53]} 29. Bxc5 {[%emt 0:01:02]} Bxc5+ {[%emt 0:00:07]} 30. Kh2 {[%emt 0:00:48]} Bxh3 {[%emt 0:00:05]} 31. Kxh3 {[%emt 0:00:00]} Bd6 {[%emt 0:00:12]} 32. Kg4 {[%emt 0:01:21]} h5+ {[%emt 0:00:07]} 33. Kf3 {[%emt 0:00:01]} Ke6 {[%emt 0:00:02]} 34. Ke3 {[%emt 0:00:19]} f5 {[%emt 0:00:09]} 35. Ne1 {[%emt 0:00:22]} Bc5+ {[%emt 0:00:40]} 36. Kd3 {[%emt 0:00:01]} fxe4+ {[%emt 0:00:49]} 37. Kxe4 {[%emt 0:00:01]} Be7 {[%emt 0:00:10]} 38. Nf3 {[%emt 0:00:03]} Bf6 {[%emt 0:00:07]} 39. Ng5+ {[%emt 0:00:31]} Bxg5 {[%emt 0:00:15]} 40. fxg5 {[%emt 0:00:02] Ke5+} 1/2-1/2

[Event "African Games Rapid Open 2019"]
[Site "Casablanca"]
[Date "2019.08.26"]
[Round "2.11"]
[White "Gohil, Mehul"]
[Black "Kayonde, Andrew"]
[Result "0-1"]
[WhiteElo "2076"]
[BlackElo "2384"]
[Annotator "ChessBase"]
[PlyCount "64"]
[EventDate "2019.08.26"]
[EventType "team-tourn"]
[EventCountry "MAR"]
[SourceTitle "playchess.com"]
[Source "ChessBase"]
[SourceQuality "1"]
[TimeControl "900+10"]

1. d4 {[%emt 0:00:00]} d5 {[%emt 0:00:00]} 2. c4 {[%emt 0:00:00]} c6 {[%emt 0:00:00]} 3. Nf3 {[%emt 0:00:01]} Nf6 {[%emt 0:00:00]} 4. e3 {[%emt 0:00:03]} Bg4 {[%emt 0:00:01]} 5. h3 {[%emt 0:00:04]} Bxf3 {[%emt 0:00:04]} 6. Qxf3 {[%emt 0:00:03]} e6 {[%emt 0:00:02]} 7. Nc3 {[%emt 0:00:06]} Nbd7 {[%emt 0:00:05]} 8. Bd2 {[%emt 0:00:09]} Bb4 {[%emt 0:00:04]} 9. g4 {[%emt 0:00:07]} Qe7 {[%emt 0:00:13]} 10. O-O-O {[%emt 0:00:20]} Rc8 {[%emt 0:01:44]} 11. g5 {[%emt 0:00:22]} Bxc3 {[%emt 0:00:04]} 12. gxf6 {[%emt 0:00:58]} Bxd2+ {[%emt 0:00:02]} 13. Rxd2 {[%emt 0:00:03]} Nxf6 {[%emt 0:00:18]} 14. Bd3 {[%emt 0:00:18]} c5 {[%emt 0:00:11]} 15. Kb1 {[%emt 0:03:31]} cxd4 {[%emt 0:00:05]} 16. cxd5 {[%emt 0:00:11]} Nxd5 {[%emt 0:03:10]} 17. Bb5+ {[%emt 0:00:08]} Kf8 {[%emt 0:00:01]} 18. Rxd4 {[%emt 0:00:19]} Qf6 {[%emt 0:00:04]} 19. Qd1 {[%emt 0:01:40]} g6 {[%emt 0:00:11]} 20. Bc4 {[%emt 0:02:11]} Nb6 {[%emt 0:00:10]} 21. Rf4 {[%emt 0:00:04]} Qe5 {[%emt 0:00:03]} 22. Bb3 {[%emt 0:00:17]} Kg7 {[%emt 0:00:03]} 23. Rd4 {[%emt 0:00:13]} Rc7 {[%emt 0:00:09]} 24. h4 {[%emt 0:00:25]} Qf5+ {[%emt 0:00:13]} 25. Bc2 {[%emt 0:01:28]} Qf6 {[%emt 0:02:04]} 26. h5 {[%emt 0:00:19]} Rhc8 {[%emt 0:00:02]} 27. Bb3 {[%emt 0:02:29]} e5 {[%emt 0:02:50]} 28. h6+ {[%emt 0:00:48]} Kg8 {[%emt 0:00:02]} 29. Rd6 {[%emt 0:00:19]} Rc1+ {[%emt 0:00:19]} 30. Qxc1 {[%emt 0:00:02]} Rxc1+ {[%emt 0:00:01]} 31. Rxc1 {[%emt 0:00:02]} Qxd6 {[%emt 0:00:01]} 32. Rd1 {[%emt 0:00:07]} Qf8 {[%emt 0:00:03]} 0-1

[Event "African Games Rapid Open 2019"]
[Site "Casablanca"]
[Date "2019.08.26"]
[Round "2.12"]
[White "Chumfwa, Stanley"]
[Black "Khetho, Phemelo"]
[Result "1/2-1/2"]
[WhiteElo "2317"]
[BlackElo "2178"]
[Annotator "NA"]
[PlyCount "60"]
[EventDate "2019.08.26"]
[EventType "team-tourn"]
[EventCountry "MAR"]
[SourceTitle "playchess.com"]
[Source "ChessBase"]
[SourceQuality "1"]
[TimeControl "900+10"]

1. e4 {[%emt 0:00:00]} e5 {[%emt 0:00:00]} 2. Nf3 {[%emt 0:00:00]} Nf6 {[%emt 0:00:00]} 3. Nxe5 {[%emt 0:00:00]} d6 {[%emt 0:00:00]} 4. Nf3 {[%emt 0:00:00]} Nxe4 {[%emt 0:00:00]} 5. d4 {[%emt 0:00:02]} d5 {[%emt 0:00:00]} 6. Bd3 {[%emt 0:00:02]} Bd6 {[%emt 0:00:02]} 7. O-O {[%emt 0:00:11]} O-O {[%emt 0:00:02]} 8. c4 {[%emt 0:00:07]} c6 {[%emt 0:00:02]} 9. Qb3 {[%emt 0:00:08]} dxc4 {[%emt 0:00:41]} 10. Bxc4 {[%emt 0:00:11]} Nd7 {[%emt 0:00:52]} 11. Nc3 {[%emt 0:00:38]} Nxc3 {[%emt 0:00:11]} 12. bxc3 {[%emt 0:00:17]} h6 {[%emt 0:00:19]} 13. Qc2 {[%emt 0:01:06]} Nf6 {[%emt 0:00:08]} 14. Ne5 {[%emt 0:00:43]} Nd5 {[%emt 0:01:35]} 15. Bd2 {[%emt 0:00:42]} Qf6 {[%emt 0:01:43]} 16. f4 {[%emt 0:01:32]} Nb6 {[%emt 0:00:33]} 17. Bd3 {[%emt 0:00:14]} c5 {[%emt 0:00:03]} 18. Rae1 {[%emt 0:00:59]} cxd4 {[%emt 0:00:16]} 19. cxd4 {[%emt 0:00:02]} Be6 {[%emt 0:00:03]} 20. a4 {[%emt 0:03:25]} Rac8 {[%emt 0:00:40]} 21. Qd1 {[%emt 0:00:02]} Rfd8 {[%emt 0:00:13]} 22. Qe2 {[%emt 0:00:18]} Nxa4 {[%emt 0:01:12]} 23. Qe4 {[%emt 0:00:11]} g6 {[%emt 0:00:30]} 24. Qxb7 {[%emt 0:02:11]} Bxe5 {[%emt 0:01:11]} 25. fxe5 {[%emt 0:00:27]} Qh4 {[%emt 0:00:02]} 26. Be3 {[%emt 0:00:50]} Nc5 {[%emt 0:00:24]} 27. dxc5 {[%emt 0:00:15]} Rxd3 {[%emt 0:00:02]} 28. Qxa7 {[%emt 0:00:34]} Qh5 {[%emt 0:01:45]} 29. Qe7 {[%emt 0:01:16]} Qxe5 {[%emt 0:00:22]} 30. Bxh6 {[%emt 0:01:20]} Qxc5+ {[%emt 0:00:06]} 1/2-1/2

[Event "African Games Rapid Open 2019"]
[Site "Casablanca"]
[Date "2019.08.26"]
[Round "2.13"]
[White "Mphungu, Gerrard"]
[Black "Winston Gerald, Mansfield Thomas"]
[Result "1-0"]
[WhiteElo "2107"]
[BlackElo "1872"]
[Annotator "NA"]
[PlyCount "72"]
[EventDate "2019.08.26"]
[EventType "team-tourn"]
[EventCountry "MAR"]
[SourceTitle "playchess.com"]
[Source "ChessBase"]
[SourceQuality "1"]
[TimeControl "900+10"]

1. d4 {[%emt 0:00:00]} c6 {[%emt 0:00:00]} 2. c4 {[%emt 0:00:00]} d6 {[%emt 0:00:00]} 3. Nf3 {[%emt 0:00:13]} Qc7 {[%emt 0:00:00]} 4. e4 {[%emt 0:00:17]} Bg4 {[%emt 0:00:01]} 5. Be2 {[%emt 0:00:02]} Nd7 {[%emt 0:00:03]} 6. h3 {[%emt 0:00:12]} Bh5 {[%emt 0:00:02]} 7. Nc3 {[%emt 0:00:14]} e5 {[%emt 0:00:03]} 8. Be3 {[%emt 0:00:29]} Ngf6 {[%emt 0:00:04]} 9. Qd2 {[%emt 0:00:39]} Be7 {[%emt 0:00:03]} 10. Rd1 {[%emt 0:00:48]} a5 {[%emt 0:00:13]} 11. O-O {[%emt 0:00:12]} O-O {[%emt 0:00:02]} 12. dxe5 {[%emt 0:00:02]} dxe5 {[%emt 0:00:21]} 13. g4 {[%emt 0:00:04]} Bg6 {[%emt 0:00:07]} 14. g5 {[%emt 0:00:02]} Bb4 {[%emt 0:01:18]} 15. gxf6 {[%emt 0:00:23]} Nxf6 {[%emt 0:00:02]} 16. Qc2 {[%emt 0:00:34]} Bxc3 {[%emt 0:00:05]} 17. Qxc3 {[%emt 0:00:06]} Nxe4 {[%emt 0:00:07]} 18. Qxe5 {[%emt 0:00:17]} Qc8 {[%emt 0:00:24]} 19. Nh4 {[%emt 0:00:52]} Re8 {[%emt 0:00:20]} 20. Qh2 {[%emt 0:00:29]} Qe6 {[%emt 0:00:23]} 21. Nxg6 {[%emt 0:00:38]} hxg6 {[%emt 0:00:11]} 22. Bf3 {[%emt 0:01:21]} Nf6 {[%emt 0:00:52]} 23. b3 {[%emt 0:01:23]} a4 {[%emt 0:00:14]} 24. Rd6 {[%emt 0:00:19]} Qf5 {[%emt 0:00:05]} 25. Qg3 {[%emt 0:00:49]} axb3 {[%emt 0:00:18]} 26. axb3 {[%emt 0:00:01]} Ra3 {[%emt 0:00:51]} 27. Rfd1 {[%emt 0:00:57]} Rxb3 {[%emt 0:00:58]} 28. Rd8 {[%emt 0:00:07]} Qe6 {[%emt 0:01:38]} 29. Rxe8+ {[%emt 0:00:34]} Nxe8 {[%emt 0:00:14]} 30. Rd8 {[%emt 0:00:41]} f5 {[%emt 0:02:10]} 31. c5 {[%emt 0:01:21]} Rb4 {[%emt 0:03:07]} 32. Qd6 {[%emt 0:01:05]} Qf7 {[%emt 0:02:14]} 33. Kg2 {[%emt 0:01:09]} g5 {[%emt 0:02:57]} 34. Qe5 {[%emt 0:01:33]} Kf8 {[%emt 0:00:28]} 35. Bxg5 {[%emt 0:00:09]} Qg6 36. Qe7+ Kg8 1-0

[Event "African Games Rapid Open 2019"]
[Site "Casablanca"]
[Date "2019.08.26"]
[Round "2.14"]
[White "Amba, Oyon Marius Claude"]
[Black "Gole, Habtamu Ashenafi"]
[Result "1/2-1/2"]
[WhiteElo "1911"]
[BlackElo "2046"]
[Annotator "NA"]
[PlyCount "73"]
[EventDate "2019.08.26"]
[EventType "team-tourn"]
[EventCountry "MAR"]
[SourceTitle "playchess.com"]
[Source "ChessBase"]
[SourceQuality "1"]
[TimeControl "900+10"]

1. e4 {[%emt 0:00:00]} c5 {[%emt 0:00:00]} 2. Nf3 {[%emt 0:00:00]} d6 {[%emt 0:00:00]} 3. d4 {[%emt 0:00:00]} cxd4 {[%emt 0:00:00]} 4. Nxd4 {[%emt 0:00:01]} Nf6 {[%emt 0:00:00]} 5. Nc3 {[%emt 0:00:01]} a6 {[%emt 0:00:00]} 6. f4 {[%emt 0:00:04]} e6 {[%emt 0:00:07]} 7. Nf3 {[%emt 0:00:06]} Be7 {[%emt 0:00:03]} 8. Bd3 {[%emt 0:00:01]} Nbd7 {[%emt 0:00:04]} 9. O-O {[%emt 0:00:03]} Qc7 {[%emt 0:00:22]} 10. Kh1 {[%emt 0:00:03]} b5 {[%emt 0:00:05]} 11. a3 {[%emt 0:00:01]} Bb7 {[%emt 0:00:01]} 12. Qe1 {[%emt 0:00:01]} Rc8 {[%emt 0:00:44]} 13. f5 {[%emt 0:00:56]} e5 {[%emt 0:00:07]} 14. Bg5 {[%emt 0:00:08]} Nb6 {[%emt 0:00:07]} 15. Rd1 {[%emt 0:00:54]} h6 {[%emt 0:00:02]} 16. Bh4 {[%emt 0:00:18]} Nc4 {[%emt 0:00:07]} 17. Bxc4 {[%emt 0:00:20]} Qxc4 {[%emt 0:00:04]} 18. Bxf6 {[%emt 0:00:03]} gxf6 {[%emt 0:00:07]} 19. Qe3 {[%emt 0:01:23]} Qc5 {[%emt 0:00:23]} 20. Rfe1 {[%emt 0:00:52]} a5 {[%emt 0:00:57]} 21. Qxc5 {[%emt 0:00:28]} Rxc5 {[%emt 0:00:01]} 22. Nd2 {[%emt 0:00:02]} b4 {[%emt 0:00:14]} 23. axb4 {[%emt 0:00:18]} axb4 {[%emt 0:00:01]} 24. Na2 {[%emt 0:02:04]} Rxc2 {[%emt 0:00:02]} 25. Nxb4 {[%emt 0:00:01]} Rxb2 {[%emt 0:00:08]} 26. Nd3 {[%emt 0:00:01]} Ra2 {[%emt 0:01:15]} 27. Nb4 {[%emt 0:00:25]} Ra4 {[%emt 0:00:11]} 28. Rb1 {[%emt 0:00:17]} O-O {[%emt 0:01:07]} 29. Nd5 {[%emt 0:00:58]} Bxd5 {[%emt 0:00:02]} 30. exd5 {[%emt 0:00:01]} Rd4 {[%emt 0:00:18]} 31. Ne4 {[%emt 0:00:05]} Rc8 {[%emt 0:00:27]} 32. h3 {[%emt 0:00:14]} Rcc4 {[%emt 0:00:20]} 33. Rb8+ {[%emt 0:00:14]} Kg7 {[%emt 0:00:10]} 34. Re3 {[%emt 0:02:36]} Rd1+ {[%emt 0:02:47]} 35. Kh2 {[%emt 0:00:03]} Rcc1 {[%emt 0:09:24]} 36. Rg3+ {[%emt 0:00:04]} Kh7 {[%emt 0:00:01]} 37. Rgg8 {[%emt 0:00:57]} 1/2-1/2

[Event "African Games Rapid Open 2019"]
[Site "Casablanca"]
[Date "2019.08.26"]
[Round "2.15"]
[White "Mwale, Joseph"]
[Black "Naipal, Hoolan"]
[Result "1-0"]
[WhiteElo "2231"]
[BlackElo "1785"]
[Annotator "NA"]
[PlyCount "65"]
[EventDate "2019.08.26"]
[EventType "team-tourn"]
[EventCountry "MAR"]
[SourceTitle "playchess.com"]
[Source "ChessBase"]
[SourceQuality "1"]
[TimeControl "900+10"]

1. d4 {[%emt 0:00:00]} Nf6 {[%emt 0:00:00]} 2. c4 {[%emt 0:00:00]} e6 {[%emt 0:00:00]} 3. g3 {[%emt 0:00:00]} d5 {[%emt 0:00:11]} 4. Bg2 {[%emt 0:00:00]} Bb4+ {[%emt 0:00:02]} 5. Bd2 {[%emt 0:00:07]} Be7 {[%emt 0:00:02]} 6. Qc2 {[%emt 0:00:12]} c6 {[%emt 0:00:29]} 7. Nf3 {[%emt 0:00:02]} O-O {[%emt 0:00:10]} 8. O-O {[%emt 0:00:02]} Nbd7 {[%emt 0:00:20]} 9. Nc3 {[%emt 0:00:29]} dxc4 {[%emt 0:00:44]} 10. a4 {[%emt 0:00:04]} Qc7 {[%emt 0:05:15]} 11. e4 {[%emt 0:00:45]} e5 {[%emt 0:01:23]} 12. dxe5 {[%emt 0:01:25]} Nxe5 {[%emt 0:00:05]} 13. Bf4 {[%emt 0:00:02]} Bd6 {[%emt 0:01:03]} 14. Nd4 {[%emt 0:01:44]} Ng6 {[%emt 0:02:16]} 15. Bg5 {[%emt 0:01:27]} h6 {[%emt 0:01:09]} 16. Bxf6 {[%emt 0:00:41]} gxf6 {[%emt 0:00:02]} 17. Nf5 {[%emt 0:00:05]} Bxf5 {[%emt 0:00:07]} 18. exf5 {[%emt 0:00:01]} Ne5 {[%emt 0:00:14]} 19. Rad1 {[%emt 0:00:36]} Kg7 {[%emt 0:00:32]} 20. Rd4 {[%emt 0:00:41]} Rh8 {[%emt 0:00:24]} 21. Ne4 {[%emt 0:00:53]} Be7 {[%emt 0:00:06]} 22. f4 {[%emt 0:00:08]} Ng4 {[%emt 0:00:35]} 23. Qe2 {[%emt 0:01:09]} h5 {[%emt 0:00:01]} 24. Kh1 {[%emt 0:01:31]} b5 {[%emt 0:01:21]} 25. axb5 {[%emt 0:01:24]} cxb5 {[%emt 0:00:40]} 26. Nc3 {[%emt 0:00:02]} Rae8 {[%emt 0:00:54]} 27. Re4 {[%emt 0:00:03]} Qc5 {[%emt 0:00:29]} 28. Nd1 {[%emt 0:02:42]} a5 {[%emt 0:00:36]} 29. Re1 {[%emt 0:00:03]} b4 {[%emt 0:00:14]} 30. h3 {[%emt 0:00:48]} c3 {[%emt 0:00:09]} 31. bxc3 {[%emt 0:00:19]} bxc3 {[%emt 0:00:02]} 32. Rc4 {[%emt 0:00:14]} Qxf5 {[%emt 0:00:13]} 33. Be4 {[%emt 0:00:26]} 1-0

[Event "African Games Rapid Open 2019"]
[Site "Casablanca"]
[Date "2019.08.26"]
[Round "2.16"]
[White "Hassan, Abderrahmane"]
[Black "Beukes, Dante M"]
[Result "0-1"]
[WhiteElo "1786"]
[BlackElo "2130"]
[Annotator "NA"]
[PlyCount "84"]
[EventDate "2019.08.26"]
[EventType "team-tourn"]
[EventCountry "MAR"]
[SourceTitle "playchess.com"]
[Source "ChessBase"]
[SourceQuality "1"]
[TimeControl "900+10"]

1. d4 Nf6 2. Nc3 d5 3. Bf4 g6 4. e3 {[%emt 0:00:09]} Bg7 {[%emt 0:00:14]} 5. h4 {[%emt 0:00:16]} h5 {[%emt 0:00:25]} 6. Nf3 {[%emt 0:00:25]} Bg4 {[%emt 0:00:10]} 7. Be2 {[%emt 0:00:01]} O-O {[%emt 0:00:04]} 8. Ne5 {[%emt 0:01:20]} Bxe2 {[%emt 0:00:06]} 9. Qxe2 {[%emt 0:00:10]} c5 {[%emt 0:00:16]} 10. O-O-O {[%emt 0:00:16]} Nc6 {[%emt 0:00:38]} 11. f3 {[%emt 0:01:03]} Rc8 {[%emt 0:00:52]} 12. g4 {[%emt 0:01:31]} cxd4 {[%emt 0:02:51]} 13. exd4 {[%emt 0:00:15]} Na5 {[%emt 0:00:49]} 14. Qe3 {[%emt 0:03:31]} Nc4 {[%emt 0:01:53]} 15. Nxc4 {[%emt 0:00:03]} Rxc4 {[%emt 0:00:02]} 16. Bh6 {[%emt 0:00:11]} Qc7 {[%emt 0:04:14]} 17. Bxg7 {[%emt 0:00:14]} Kxg7 {[%emt 0:00:02]} 18. Rd2 {[%emt 0:01:42]} e6 {[%emt 0:00:21]} 19. Rg1 {[%emt 0:03:09]} a6 {[%emt 0:01:36]} 20. gxh5 {[%emt 0:02:53]} Nxh5 {[%emt 0:00:09]} 21. Qg5 {[%emt 0:00:36]} Rh8 {[%emt 0:00:10]} 22. Ne2 {[%emt 0:00:31]} Qd8 {[%emt 0:02:01]} 23. Qe5+ {[%emt 0:00:13]} Qf6 {[%emt 0:00:01]} 24. Qxf6+ {[%emt 0:00:09]} Nxf6 {[%emt 0:00:05]} 25. Rh1 {[%emt 0:00:15]} Ne8 {[%emt 0:00:39]} 26. Ng3 {[%emt 0:00:08]} Nd6 {[%emt 0:00:02]} 27. h5 {[%emt 0:00:13]} g5 {[%emt 0:00:14]} 28. b3 {[%emt 0:00:06]} Rc3 {[%emt 0:00:08]} 29. Rf1 {[%emt 0:00:10]} Nf5 {[%emt 0:00:10]} 30. Nxf5+ {[%emt 0:00:03]} exf5 {[%emt 0:00:01]} 31. Kb2 {[%emt 0:00:01]} Re3 {[%emt 0:00:23]} 32. Rh2 {[%emt 0:00:20]} Kh6 {[%emt 0:00:21]} 33. Kc1 {[%emt 0:00:13]} Rc8 {[%emt 0:00:16]} 34. Kd2 {[%emt 0:00:18]} f4 {[%emt 0:00:10]} 35. Rh3 {[%emt 0:00:13]} f5 {[%emt 0:00:16]} 36. Rh2 {[%emt 0:00:05]} Rcc3 {[%emt 0:00:07]} 37. Rhf2 {[%emt 0:00:04]} Kxh5 {[%emt 0:00:07]} 38. Rh1+ {[%emt 0:00:12]} Kg6 {[%emt 0:00:01]} 39. Rhf1 {[%emt 0:00:08]} b5 {[%emt 0:00:12]} 40. a3 {[%emt 0:00:22]} a5 {[%emt 0:00:01]} 41. Kc1 {[%emt 0:00:06]} a4 {[%emt 0:00:08]} 42. Kb2 {[%emt 0:00:04]} axb3 {[%emt 0:00:01]} 0-1

[Event "African Games Rapid Open 2019"]
[Site "Casablanca"]
[Date "2019.08.26"]
[Round "2.17"]
[White "Eichab, Charles"]
[Black "Asante Debesai Zerabruk"]
[Result "0-1"]
[WhiteElo "2016"]
[BlackElo "1712"]
[Annotator "NA"]
[PlyCount "130"]
[EventDate "2019.08.26"]
[EventType "team-tourn"]
[EventCountry "MAR"]
[SourceTitle "playchess.com"]
[Source "ChessBase"]
[SourceQuality "1"]
[TimeControl "900+10"]

1. c4 {[%emt 0:00:00]} e5 {[%emt 0:00:00]} 2. g3 {[%emt 0:00:00]} Nf6 {[%emt 0:00:00]} 3. Bg2 {[%emt 0:00:00]} d5 {[%emt 0:00:00]} 4. cxd5 {[%emt 0:00:09]} Nxd5 {[%emt 0:00:00]} 5. Nc3 {[%emt 0:00:01]} Be6 {[%emt 0:00:00]} 6. d3 {[%emt 0:00:26]} f6 {[%emt 0:00:00]} 7. Nf3 {[%emt 0:00:21]} Nc6 {[%emt 0:00:05]} 8. O-O {[%emt 0:00:03]} Bc5 {[%emt 0:00:06]} 9. a3 {[%emt 0:00:27]} a5 {[%emt 0:00:01]} 10. Bd2 {[%emt 0:00:02]} O-O {[%emt 0:00:02]} 11. Rc1 {[%emt 0:00:11]} Ba7 {[%emt 0:02:14]} 12. Ne4 {[%emt 0:00:36]} Qe7 {[%emt 0:00:26]} 13. Qa4 {[%emt 0:04:06]} Nd4 {[%emt 0:02:18]} 14. Nxd4 {[%emt 0:01:08]} Bxd4 {[%emt 0:00:02]} 15. Qc2 {[%emt 0:01:16]} c6 {[%emt 0:01:45]} 16. Nc5 {[%emt 0:00:57]} Bxc5 {[%emt 0:01:13]} 17. Qxc5 {[%emt 0:00:02]} Qc7 {[%emt 0:01:13]} 18. Rfd1 {[%emt 0:01:09]} a4 {[%emt 0:00:11]} 19. e4 {[%emt 0:01:27]} Ne7 {[%emt 0:00:13]} 20. Bb4 {[%emt 0:00:26]} Rfe8 {[%emt 0:00:28]} 21. d4 {[%emt 0:00:03]} exd4 {[%emt 0:01:13]} 22. Qxd4 {[%emt 0:01:10]} Ng6 {[%emt 0:01:53]} 23. Bd6 {[%emt 0:00:20]} Qf7 {[%emt 0:00:14]} 24. f4 {[%emt 0:00:16]} Bb3 {[%emt 0:00:21]} 25. Rd2 {[%emt 0:00:09]} Rad8 {[%emt 0:00:15]} 26. Kf2 {[%emt 0:01:32]} Rd7 {[%emt 0:00:33]} 27. Qb4 {[%emt 0:00:43]} Nf8 {[%emt 0:01:41]} 28. Bh3 {[%emt 0:00:55]} Ne6 {[%emt 0:00:14]} 29. Kg1 {[%emt 0:00:25]} h5 {[%emt 0:00:19]} 30. e5 {[%emt 0:00:42]} Rc8 {[%emt 0:01:04]} 31. f5 {[%emt 0:00:31]} Ng5 {[%emt 0:00:01]} 32. e6 {[%emt 0:00:06]} Nxh3+ {[%emt 0:00:02]} 33. Kg2 {[%emt 0:00:04]} Bxe6 {[%emt 0:00:06]} 34. fxe6 {[%emt 0:00:13]} Qxe6 {[%emt 0:00:01]} 35. Rcd1 {[%emt 0:00:38]} Ng5 {[%emt 0:00:13]} 36. Bf4 {[%emt 0:00:05]} Rxd2+ {[%emt 0:00:07]} 37. Rxd2 {[%emt 0:00:14]} Qe4+ {[%emt 0:00:03]} 38. Qxe4 {[%emt 0:00:06]} Nxe4 {[%emt 0:00:02]} 39. Rd7 {[%emt 0:00:12]} Nc5 {[%emt 0:00:06]} 40. Rd4 {[%emt 0:00:17]} b5 {[%emt 0:00:01]} 41. Rd6 {[%emt 0:00:04]} Kf7 {[%emt 0:00:11]} 42. Be3 {[%emt 0:00:02]} Ne4 {[%emt 0:00:08]} 43. Rd7+ {[%emt 0:00:02]} Kg6 {[%emt 0:00:09]} 44. Kf3 {[%emt 0:00:07]} Ng5+ {[%emt 0:00:02]} 45. Ke2 {[%emt 0:00:07]} Nf7 {[%emt 0:00:14]} 46. Bf4 {[%emt 0:00:29]} Re8+ {[%emt 0:00:18]} 47. Kf2 {[%emt 0:00:08]} Rc8 {[%emt 0:00:07]} 48. Ke2 {[%emt 0:00:03]} Re8+ {[%emt 0:00:03]} 49. Kf2 {[%emt 0:00:02]} Ne5 {[%emt 0:00:21]} 50. Bxe5 {[%emt 0:00:36]} Rxe5 {[%emt 0:00:09]} 51. Rd6 {[%emt 0:00:05]} Rc5 {[%emt 0:00:04]} 52. Rd2 {[%emt 0:00:03]} Kf5 {[%emt 0:00:05]} 53. Kf3 {[%emt 0:00:03]} Rc4 {[%emt 0:00:09]} 54. h3 {[%emt 0:00:07]} g6 {[%emt 0:00:08]} 55. Kf2 {[%emt 0:00:11]} c5 {[%emt 0:00:05]} 56. Kf3 {[%emt 0:00:08]} b4 {[%emt 0:00:01]} 57. axb4 {[%emt 0:00:11]} cxb4 {[%emt 0:00:00]} 58. Rd5+ Ke6 59. Ra5 {[%emt 0:00:10]} a3 {[%emt 0:00:08]} 60. bxa3 {[%emt 0:00:03]} Rc3+ {[%emt 0:00:00]} 61. Kf2 {[%emt 0:00:15]} bxa3 {[%emt 0:00:01]} 62. h4 {[%emt 0:00:19]} Rc2+ {[%emt 0:00:01]} 63. Kf3 {[%emt 0:00:02]} a2 {[%emt 0:00:01]} 64. g4 {[%emt 0:00:41]} hxg4+ {[%emt 0:00:08]} 65. Kxg4 {[%emt 0:00:01]} g5 {[%emt 0:00:20]} 0-1